00385 2200157 4500001002100000005001500021035002000036245004000056100002100096300002600117260002800143082000800171084001400179020002200193990001200215INLIS00000000000297620250917024233 a0010-09250003231 aCinta Selamanya /cEidelweis Almira0 aEidelweis Almira a228 hlm ;c13 x 19 cm aJakarta :bZettu,c2014 a813 a813 EID c a978-602-1298-30-5 a0755657